000 00850nam a22001817a 4500
005 20230905105622.0
010 _aB-755750
020 _a9788123792637
_c320.00
035 _aB-755750
082 _22020
_a921
_b1
100 _aअजयकुमार के.सी.
_955924
245 _aआदिशंकरम/
_cके.सी .अजयकुमार
260 _aनई दिल्ली
_bरास्ट्रीय पुस्तक न्यास
_c2020
270 _aनेहरु भवन 5 इंस्टीटीयूशनल एरिया फेज 11
_bनई दिल्ली
_e110070
300 _a317 पृ.
_b21सेमी (अजिल्द)
942 _2ddc
_cHN
_e2020
_h921
_mकुमार
999 _c197833
_d197833